Wspólczesna Rosja studium polityczno-ustrojowe

Gespeichert in:
Bibliographische Detailangaben
1. Verfasser: Zielinski, Eugeniusz
Format: Buch
Sprache:Polnisch
Veröffentlicht: Warszawa Dom Wydawniczy ELIPSA 1995
Schlagworte:
Tags: Tag hinzufügen
Keine Tags, Fügen Sie das erste Tag hinzu!

MARC

LEADER 00000nam a2200000 4500
001 c117531
005 20221123112945.5
020 |a 83-85466-72-X 
041 0 |a pol 
044 |a PL 
245 1 0 |a Wspólczesna Rosja  |b studium polityczno-ustrojowe  |c Eugeniusz Zielinski 
264 1 |a Warszawa  |b Dom Wydawniczy ELIPSA  |c 1995 
300 |a 280 s. 
610 2 0 |a vývoj spoločenský 
610 2 0 |a vývoj hospodársky 
610 2 0 |a politika 
610 2 0 |a politika hospodárska 
610 2 0 |a politika medzinárodná 
610 2 0 |a obyvateľstvo 
610 2 0 |a hustota obyvateľstva 
610 2 0 |a národ 
610 2 0 |a národnosti 
610 2 0 |a náboženstvo 
610 2 0 |a konflikty 
610 2 0 |a vzťah politiky a ekonomiky 
610 2 0 |a systémy politické 
610 2 0 |a federácia 
610 2 0 |a vláda 
610 2 0 |a strany politické 
610 2 0 |a parlamenty 
610 2 0 |a prezidenti 
610 2 0 |a riadenie 
610 2 0 |a štát 
610 2 0 |a prokuratúra 
610 2 0 |a samospráva regionálna 
610 2 0 |a správa miestna 
610 2 0 |a politika zahraničná 
610 2 0 |a história 
610 2 0 |a Rusko 
100 1 |a Zielinski, Eugeniusz